| 000 | 00483cam a22001217a 4500 | ||
|---|---|---|---|
| 008 | 180718b-- xxu||||| |||| 00| 0 eng d | ||
| 082 | _aK1065x54 | ||
| 100 | _aIndia. Ministry of Labour and Employment and Training. Directorate General of Employment and Training | ||
| 245 | _aCensus of central government employees | ||
| 260 |
_aNew Delhi _bThe author _c-- |
||
| 500 | _aLibrary has 1962, 1988/89-1990/91, 1994/95, 2000/01, 2003/04, 2005/06, 2008/09 | ||
| 650 | _aEmployees census - India | ||
| 999 |
_c483202 _d483202 |
||